Flash CS6.
محفوظ في:
| مؤلفون آخرون: | |
|---|---|
| التنسيق: | كتاب |
| منشور في: |
Madrid, España:
Ediciones Anaya Multimedia,
2012.
|
| الموضوعات: | |
| الوسوم: |
إضافة وسم
لا توجد وسوم, كن أول من يضع وسما على هذه التسجيلة!
|
MARC
| LEADER | 00000nam a22000007a 4500 | ||
|---|---|---|---|
| 003 | CL-VaPUC | ||
| 005 | 20250321101934.0 | ||
| 008 | 250127t2012 ||||| |||| 00| 0 eng d | ||
| 999 | |c 446832 |d 446830 | ||
| 020 | |a 978-84-415-3247-2 | ||
| 040 | |c Pontificia Universidad Católica de Valparaíso | ||
| 082 | 7 | |a 006.78 FLA 2012 |2 22 | |
| 245 | |a Flash CS6. | ||
| 260 | |a Madrid, España: |b Ediciones Anaya Multimedia, |c 2012. | ||
| 300 | |a 350 páginas. | ||
| 500 | |a c.1.-c.2. Instituto Arcos 8-1-2025 | ||
| 583 | |c 20250127 |k GC | ||
| 650 | |a Flash (Archivo de computador) |9 895881 | ||
| 650 | 0 | |a Animación por computador |9 616332 | |
| 650 | 0 | |a Sitios web |x Diseño |9 895882 | |
| 700 | |a González Cruz, Sergio Luis |e traductor |9 895883 | ||
| 942 | |2 ddc |c BK |n 0 | ||
| 952 | |0 0 |1 0 |2 ddc |4 0 |6 006_780000000000000_FLA_2012 |7 0 |8 A |9 599977 |a BIBINC |b BIBINC |d 2025-01-27 |e Instituto Arcos |i 5664958 |o 006.78 FLA 2012 |p 5664958 |r 2025-01-27 |t 1 |w 2025-01-27 |y BK |k IFP | ||
| 952 | |0 0 |1 0 |2 ddc |4 0 |6 006_780000000000000_FLA_2012 |7 0 |8 A |9 599978 |a BIBINC |b BIBINC |d 2025-01-27 |e Instituto Arcos |i 5664959 |o 006.78 FLA 2012 |p 5664959 |r 2025-01-27 |t 2 |w 2025-01-27 |y BK |k IFP | ||